| 000 | 00381nam a2200145Ia 4500 | ||
|---|---|---|---|
| 008 | 230917s9999||||xx |||||||||||||| ||und|| | ||
| 040 |
_e148685 _aMAIN |
||
| 041 | _aEnglish | ||
| 082 | _a301.0973 B478A | ||
| 100 | _aBierstedt, Robert | ||
| 245 | 0 | _aamerican sociological theory: a crithcal History | |
| 260 |
_aNew York _bAcademic Press _c1981 |
||
| 300 | _a519p p. | ||
| 942 | _cBK | ||
| 999 |
_c43812 _d43812 |
||